000 00292nam a2200109Ia 4500
008 200302s9999 xx 000 0 und d
100 _aPhyllis Richardson
245 _aHosue Plus : Imaginative Ideas For Extending Your Home
260 _bThams and Hudson Ltd.,
260 _c2005
300 _a272
999 _c4706
_d4706